| 000 | 00771nam a2200241Ia 4500 | ||
|---|---|---|---|
| 001 | 717 | ||
| 003 | GE_BSU | ||
| 008 | 181216s||||||||xx |||||||||||||| ||und|| | ||
| 020 | _a9789941122897 | ||
| 040 | _cGE_BSU | ||
| 080 | _a330.101.542(075.8) | ||
| 100 | _aბერიძე, ლ. [და სხვა] | ||
| 245 | _aმიკროეკონომიკა. | ||
| 245 | _bსასწავლო –პრაქტიკული სახელმძღვანელო | ||
| 260 | _aთბილისი | ||
| 260 | _b,,უნივერსალი'' | ||
| 260 | _c2008 | ||
| 300 | _a333 გვ. | ||
| 541 | _h8 ლ. | ||
| 653 | _aმიკროეკონომიკა | ||
| 653 | _aსახელმძღვანელო | ||
| 942 | _cBK | ||
| 999 |
_c34894 _d34894 |
||